000 01817ncm0a2200421 4500
001 RU\NLR\ONIZ\218914
005 20250626084929.0
013 _a979-0-706419-07-7
021 _aRU
_b15-25н
_915-1н
035 _a(NLR Aleph) 011534481
090 _a12161208
_c12161208
100 _a20170626d2014 |||y0rusy50 ca
101 0 _arus
102 _aRU
125 _azx
128 _asn
145 0 _ab
200 1 _aКонус
_bНоты
_eпамяти П. Хиндемита
_aСоната для виолончели соло
_fН. Хотунцов
_gоформ. А. Веселова
210 _aСанкт-Петербург
_cСоюз художников
_d2014
215 _a13 с.
_cил.
_d29 см
606 1 _aПроизведения для виолончели соло
_yРоссия
_z20-21 вв.
_jНоты
_2nlr_sh
606 1 _aСонаты для виолончели соло
_yРоссия
_z20-21 вв.
_jНоты
_2nlr_sh
686 _aЩ955.6-0-058.9(2Р=Р)
_vLBC/SL
_2rubbk
686 _aЩ955.6-0-041(2Р=Р)
_vLBC/SL
_2rubbk
700 1 _9z01790
_aХотунцов
_bН. А.
_f1944-
_gНиколай Анатольевич
_4230
_7ca
702 1 _9z03790
_aХиндемит
_bП.
_f1895-1963
_gПауль
_4340
_7ca
702 1 _9z04790
_aВеселов
_bА. В.
_cхудожник-оформитель
_gАлександр Владимирович
_4040
_7ca
790 1 _9z01700
_aXotunczov
_bN. A.
_gNikolay Anatol'yevich
_4230
790 1 _9z03702
_aHindemith
_bP.
_f1895-1963
_gPaul
_4340
_7ba
790 1 _9z04702
_aVeselov
_bA. V.
_gAleksandr Vladimirovič
_4040
_7ba
801 0 _aRU
_bNLR
_c20170626
_gPSBO
801 1 _aRU
_bNLR
_c20170626
_2rusmarc
801 2 _aRU
_bNLR
_c20190630
852 _aNLR
_bМ
_jК-3/28570
_pМОЭ 2015-1н/25н
_t1
942 _cSCORE
980 _aNB
980 _aONIZ